Online katalóg knižníc regiónu Turca

Bozk pre Annabel (Record no. 22278)

MARC details
000 -LEADER
fixed length control field 01776cam a2200481 a 4500
001 - CONTROL NUMBER
control field 22278
003 - CONTROL NUMBER IDENTIFIER
control field VRT
005 - DATE AND TIME OF LATEST TRANSACTION
control field 20260324162942.0
008 - FIXED-LENGTH DATA ELEMENTS--GENERAL INFORMATION
fixed length control field 240315s2013 xo g 000 f slo
015 ## - NATIONAL BIBLIOGRAPHY NUMBER
National bibliography number SNBA2013/09
020 ## - INTERNATIONAL STANDARD BOOK NUMBER
International Standard Book Number 9788055135069
Qualifying information (viaz.)
035 ## - SYSTEM CONTROL NUMBER
System control number BCAE2795-9A09-4DBD-AD81-0D98A0C43D80
035 ## - SYSTEM CONTROL NUMBER
System control number urn:nbn:sk:snk-amjnqf
035 ## - SYSTEM CONTROL NUMBER
System control number urn:nbn:sk:snk-am001tnv
039 #9 - LEVEL OF BIBLIOGRAPHIC CONTROL AND CODING DETAIL [OBSOLETE]
Level of rules in bibliographic description 202403152155
Level of effort used to assign nonsubject heading access points VLOAD
Level of effort used to assign subject headings 201612221613
Level of effort used to assign classification mtotk19
Level of effort used to assign subject headings 201604300857
Level of effort used to assign classification VLOAD
Level of effort used to assign subject headings 201604281414
Level of effort used to assign classification VLOAD
040 ## - CATALOGING SOURCE
Original cataloging agency PPPK
Language of cataloging slo
Transcribing agency PPPK
Modifying agency SNK
Description conventions AACR2
041 1# - LANGUAGE CODE
Language code of text/sound track or separate title slo
Language code of original eng
044 ## - COUNTRY OF PUBLISHING/PRODUCING ENTITY CODE
MARC country code xo
ISO country code SK
072 #7 - SUBJECT CATEGORY CODE
Subject category code 821.111(73)-3
Subject category code subdivision Americká próza
Source konspekt
080 ## - UNIVERSAL DECIMAL CLASSIFICATION NUMBER
Universal Decimal Classification number 821.111(73)-31
Edition identifier 2001
080 ## - UNIVERSAL DECIMAL CLASSIFICATION NUMBER
Universal Decimal Classification number (0:82-312.5)
Edition identifier 2001
080 ## - UNIVERSAL DECIMAL CLASSIFICATION NUMBER
Universal Decimal Classification number (0:82-311.6)
Edition identifier 2001
100 1# - MAIN ENTRY--PERSONAL NAME
Personal name James, Eloisa,
Dates associated with a name 1962-
Relationship aut
240 10 - UNIFORM TITLE
Uniform title Kiss me, Annabel
Language of a work Slovensky
245 10 - TITLE STATEMENT
Title Bozk pre Annabel
Remainder of title ani jeden bozk sa nedá odmietnuť-
Statement of responsibility, etc. Eloisa Jamesová ; [z anglického originálu ... preložila Katarína Széherová]
260 ## - PUBLICATION, DISTRIBUTION, ETC.
Place of publication, distribution, etc. Bratislava
Name of publisher, distributor, etc. Ikar
Date of publication, distribution, etc. 2013
300 ## - PHYSICAL DESCRIPTION
Extent 317 s.
Dimensions 21 cm
500 ## - GENERAL NOTE
General note Druhá časť voľnej série o sestrách Essexových
655 #7 - INDEX TERM--GENRE/FORM
Genre/form data or focus term americké romány
Source of term SNKPH
655 #7 - INDEX TERM--GENRE/FORM
Genre/form data or focus term ľúbostné romány
Source of term SNKPH
655 #7 - INDEX TERM--GENRE/FORM
Genre/form data or focus term historické romány
Source of term SNKPH
655 #7 - INDEX TERM--GENRE/FORM
Genre/form data or focus term American fiction
Source of term SNKPHeng
655 #7 - INDEX TERM--GENRE/FORM
Genre/form data or focus term Love novels
Source of term SNKPHeng
655 #7 - INDEX TERM--GENRE/FORM
Genre/form data or focus term Historical novels
Source of term SNKPHeng
700 1# - ADDED ENTRY--PERSONAL NAME
Personal name Széherová, Katarína
Relationship trl
910 ## - USER-OPTION DATA (OCLC)
User-option data totk
942 ## - ADDED ENTRY ELEMENTS (KOHA)
Source of classification or shelving scheme Dewey Decimal Classification
Koha item type Krásna literatúra pre dospelých
Suppress in OPAC No
949 ## - LOCAL PROCESSING INFORMATION (OCLC)
6 2889203212
a savukPV 18130
b savuk2013/3764
949 ## - LOCAL PROCESSING INFORMATION (OCLC)
6 273K0565724
a svkpoA 219673
b svkpo568057
949 ## - LOCAL PROCESSING INFORMATION (OCLC)
6 270001000417016
a svkbbA 139013
b svkbbm 737705
949 ## - LOCAL PROCESSING INFORMATION (OCLC)
6 17A1081715
a snkSC 155877
b snk2013/20177
o 1942/13
949 ## - LOCAL PROCESSING INFORMATION (OCLC)
6 17A1091026
a snkSC 155877 D1
b snk2013/25096
o 1942/13
s 6100:20140925
Holdings
Stav vyradenia Strata Poškodenie Spôsob nadobudnutia Domovská knižnica Aktuálna knižnica Dátum nadobudnutia Total checkouts Čiarový kód exemplára Date last seen Typ exemplára
      Dar Obecná knižnica Horná Štubňa Obecná knižnica Horná Štubňa 24.03.2026   9788055135069 24.03.2026 Krásna literatúra pre dospelých
Projekt je podporený Slovenskou asociáciou knižníc
Prevádzkuje Turčianska knižnica Martin 2026